00329nam a2200133Ia 4500008004100000041000800041082001600049100002000065245002200085250001400107260003900121300002400160365001100184240624s9999 xx 000 0 und d aeng a332.632 KLA aGRAHAM BENJAMIN aSECURITY ANALYSIS a(6th ed.) c2008aNew DelhibTata McGraw- Hill a766 : p. : cm. ; 24 cRSb30